Текст томруулах:    
Cases in collective bargaining & industrial relations (Бичлэгийн дугаар. 146155)
000 -УДИРДЛАГА
Удирдлага 01074nam a22003137a 4500
003 - ХЯНАЛТЫН ТОО ТОДОРХОЙЛОГЧ
Код MN-UlNUM
005 - БИЧИЛТ ХИЙСЭН ОГНОО
Тухайн бичилтийг бичсэн засварласан сүүлийн огноо 20260109210920.0
008 - ЕРӨНХИЙ МЭДЭЭЛЭЛ
Ерөнхий мэдээлэл 220131s2007 mau b 000 0 eng
020 ## - ISBN
ISBN 0072987367
-- 9780072987362
040 ## - БИЧЛЭГ ҮҮСГЭГЧ БАЙГУУЛЛАГА
Бичлэг үүсгэгч номын сангийн код МУИС-ийн номын сан
084 ## - ББК АНГИЛАЛ
Нэмэлт тусгалт Баримт бичгийн эмхэтгэл
ББК ангилал 65.30
Зохиогчийн гурван тэмдэгт D 57
Мэдлэгийн ялгаа 65 - Эдийн засаг
100 1# - ЗОХИОГЧ
Зохиогчийн нэр Dilts, David A.
245 10 - ҮНДСЭН ГАРЧИГ
Номын нэр Cases in collective bargaining & industrial relations
Бага гарчгийн мэдээ A decisional approach
Оролцогчдын тухай мэдээ David A. Dilts
246 3# - ЗЭРЭГЦЭЭ ГАРЧИГ
Зэрэгцээ гарчиг Cases in collective bargaining and industrial relations
250 ## - ДАХИН ХЭВЛЭЛТ
Дахин гаралтын дугаар 11th ed.
260 ## - ГАРАЛТЫН МЭДЭЭ
Хэвлэгдсэн он Boston
Хэвлэгдсэн газар McGraw-Hill/Irwin
Хэвлэлийн газар 2007
300 ## - МАТЕРИАЛЫН ТОДОРХОЙЛОЛТ
хуудасны тоо xiv, 339 p.
Хэмжээ 24 cm.
500 ## - Тайлбар
Дансны дугаар БС 6100
546 ## - ХЭЛНИЙ ТУХАЙ МЭДЭЭ
Хэл Англи хэл дээр,
653 ## - Түлхүүр үг
Түлхүүр үг collective labor agreements
653 ## - Түлхүүр үг
Түлхүүр үг labor disputes
653 ## - Түлхүүр үг
Түлхүүр үг industrial relations
700 1# - ХАМ ЗОХИОГЧИД
Ба бус Hilgert, Raymond L.
740 ## - НОМЫН ГАРЧИГ
Гарчиг Legal Aspects of Collective Bargaining: National Labor Relations Board Cases
740 ## - НОМЫН ГАРЧИГ
Гарчиг Case Problems in Union-Management Relations: Cases from Grievance Arbitration
942 ## - ЭЛЕМЕНТИЙН ТӨРӨЛ
Зүйлийн төрөл Ном